| 000 | 00847cam a2200277 a 4500 | ||
|---|---|---|---|
| 001 | 2959687 | ||
| 003 | LC | ||
| 005 | 20160229101921.0 | ||
| 008 | 910403r19911990nyu 000 1 eng | ||
| 010 | _a 91015577 | ||
| 020 |
_a0517585383 : _c$20.00 |
||
| 040 |
_aDLC _cDLC _dDLC |
||
| 043 | _anwcu--- | ||
| 050 | 0 | 0 |
_aPR 6073.E765 _b.W516 1991 |
| 082 | 0 | 0 |
_aFIC _bW52c 1990 |
| 100 | 1 |
_aWest, Nigel. _918993 |
|
| 245 | 1 | 0 |
_aCuban bluff / _cNigel West. |
| 250 | _a1st American ed. | ||
| 260 |
_aBritain : _bMandarin Paper Backs, _cc1991. |
||
| 300 |
_a259 p. : _c18 cm. |
||
| 650 | 0 |
_aCuban Missile Crisis, 1962 _xFiction. _918994 |
|
| 906 |
_a7 _bcbc _corignew _d1 _eocip _f19 _gy-gencatlg |
||
| 942 |
_2lcc _cBK |
||
| 999 |
_c11114 _d11114 |
||